Devin Booker quiz - Statistics

General Stats
  • This quiz has been taken 82 times
    37 since last reset
  • The average score is 12 of 20
Answer Stats
Question Answer % Correct
Is he the goat? Yes
91%
Career high in points 70
87%
What college did he go to? Kentucky
87%
Where was he born? Michigan
78%
What 2k was he the cover for? 23
74%
Who of these was never his teammate? Steve Nash
74%
Did his dad play in the NBA? Yes
74%
What was Booker's draft pick? 13
70%
What year was he drafted? 2015
70%
When was he born? October 30th, 1996
70%
What is his height? 6'6
61%
Career high in assists (regular season only)? 15
57%
Which of these awards does he not have? Rookie of the Year
57%
How many all-NBA teams has he been on? 2
52%
Career high in blocks (regular season only)? 3
52%
How many all-star appearances does he have? 4
52%
What was his high school GPA? 3.8
43%
Career high in rebounds (regular season only)? 12
39%
Career high in steals (regular season only)? 6
30%
What franchise does he own? Clippers
22%
No matching quizzes found
Score Distribution
Percent of People with Each Score
Percentile by Number Answered
Your Score History
You have not taken this quiz since the last reset